<?xml version="1.0" encoding="UTF-8"?>
<record
    xmlns:xsi="http://www.w3.org/2001/XMLSchema-instance"
    xsi:schemaLocation="http://www.loc.gov/MARC21/slim http://www.loc.gov/standards/marcxml/schema/MARC21slim.xsd"
    xmlns="http://www.loc.gov/MARC21/slim">

  <leader>00594nam a22002057a 4500</leader>
  <controlfield tag="005">20170124110028.0</controlfield>
  <datafield tag="010" ind1=" " ind2=" ">
    <subfield code="a">897625</subfield>
  </datafield>
  <datafield tag="020" ind1=" " ind2=" ">
    <subfield code="c">00.00</subfield>
    <subfield code="a">333901819</subfield>
  </datafield>
  <datafield tag="035" ind1=" " ind2=" ">
    <subfield code="a">897625</subfield>
  </datafield>
  <datafield tag="037" ind1=" " ind2=" ">
    <subfield code="b">Cen Lib/Ret</subfield>
  </datafield>
  <datafield tag="040" ind1=" " ind2=" ">
    <subfield code="a">DPL</subfield>
    <subfield code="b">EN</subfield>
  </datafield>
  <datafield tag="082" ind1=" " ind2=" ">
    <subfield code="a">550.3</subfield>
    <subfield code="b">DIC</subfield>
  </datafield>
  <datafield tag="245" ind1=" " ind2=" ">
    <subfield code="a">A Dictionary of earth sciences /</subfield>
    <subfield code="c">edited by Stella E. Stiegeler</subfield>
  </datafield>
  <datafield tag="260" ind1=" " ind2=" ">
    <subfield code="a">Delhi</subfield>
    <subfield code="b">The Macmillan Company of India</subfield>
    <subfield code="c">1976</subfield>
  </datafield>
  <datafield tag="300" ind1=" " ind2=" ">
    <subfield code="a">301p. :</subfield>
    <subfield code="c">21cm(Hb)</subfield>
    <subfield code="b">ill</subfield>
  </datafield>
  <datafield tag="650" ind1=" " ind2=" ">
    <subfield code="a">Earth sciences</subfield>
    <subfield code="9">21015</subfield>
  </datafield>
  <datafield tag="650" ind1=" " ind2=" ">
    <subfield code="a">Geology</subfield>
    <subfield code="9">17268</subfield>
  </datafield>
  <datafield tag="700" ind1=" " ind2=" ">
    <subfield code="a">Stiegeler, Stella E. </subfield>
    <subfield code="9">21016</subfield>
  </datafield>
  <datafield tag="942" ind1=" " ind2=" ">
    <subfield code="2">ddc</subfield>
    <subfield code="c">EN</subfield>
    <subfield code="h">550.3</subfield>
    <subfield code="m">DIC</subfield>
  </datafield>
  <datafield tag="999" ind1=" " ind2=" ">
    <subfield code="c">127614</subfield>
    <subfield code="d">127614</subfield>
  </datafield>
  <datafield tag="952" ind1=" " ind2=" ">
    <subfield code="0">0</subfield>
    <subfield code="1">0</subfield>
    <subfield code="4">0</subfield>
    <subfield code="7">0</subfield>
    <subfield code="a">L</subfield>
    <subfield code="b">L</subfield>
    <subfield code="d">2015-06-30</subfield>
    <subfield code="e">Cen Lib/Ret </subfield>
    <subfield code="g">0.00</subfield>
    <subfield code="l">0</subfield>
    <subfield code="o">550.3 DIC</subfield>
    <subfield code="p">897625</subfield>
    <subfield code="r">2015-06-30 00:00:00</subfield>
    <subfield code="t">1</subfield>
    <subfield code="v">0.00</subfield>
    <subfield code="w">2015-06-30</subfield>
    <subfield code="y">EN</subfield>
  </datafield>
</record>
